ბათუმის შოთა რუსთაველის სახელმწიფო უნივერსიტეტის ბიბლიოთეკა

სტალინი : (ბიბ.ჩანაწერი № 55601)

000 -ლიდერი
ფიქსირებული სიგრძის საკონტროლო ველი 01127nam a2200253Ia 4500
001 - საკონტროლო ნომერი
საკონტროლო ველი 22696
003 - საკონტროლო ნომრის იდენტიფიკატორი
საკონტროლო ველი GE_BSU
005 - ბოლო ოპერაციის თარიღი და დრო
საკონტროლო ველი 20230421115832.0
008 - ფიქსირებული სიგრძის მონაცემთა ელემენტები - ზოგადი ინფორმაცია
ფიქსირებული სიგრძის საკონტროლო ველი 181216s2018||||ge |||||||||||||| ||geo||
020 ## - წიგნის საერთაშორისო სტანდარტული ნომერი
International Standard Book Number 9789941279119
040 ## - კატალოგიზაციის წყარო
Transcribing agency GE_BSU
041 ## - ენის კოდი
Language code of text/sound track or separate title geo
080 ## - უნივერსალური ათობითი კლასიფიკაციის ინდექსი
Universal Decimal Classification number 329.150.1(092სტალინი) ს-56
100 ## - მთავარი ჩანაწერი - პიროვნების სახელი
Personal name სიხარულიძე, იური
9 (RLIN) 17703
245 ## - ცნობა სათაურის შესახებ
Title სტალინი :
Remainder of title [ცხოვრება და მოღვაწეობა] წ. 2 /
Statement of responsibility, etc იური სიხარულიძე ; რედაქტორი ზაზა სიხარულიძე.
264 ## - წარმოების, გამოცემის, დისტრიბუციის და სხვა ცნობები
გამოცემის, წარმოების, დისტრიბუციის... ადგილი თბილისი :
გამოცემის, წარმოების, დისტრიბუციის... სახელწოდება [?],
გამოცემის, წარმოების, დისტრიბუციის... თარიღი 2018
300 ## - ფიზიკური აღწერა
Extent 192 გვ. ;
Dimensions 20 სმ.
653 ## - INDEX TERM--UNCONTROLLED
Uncontrolled term პოლიტიკური პარტიები და მოძრაობები
653 ## - INDEX TERM--UNCONTROLLED
Uncontrolled term სტალინი : [ცხოვრება და მოღვაწეობა] წ. 2
653 ## - INDEX TERM--UNCONTROLLED
Uncontrolled term სტალინი, ი.ბ. 1879-1953
700 ## - ADDED ENTRY--PERSONAL NAME
Personal name სიხარულიძე, ზაზა
Relator term რედაქტორი
9 (RLIN) 17704
942 ## - ADDED ENTRY ELEMENTS (KOHA)
Koha item type წიგნი
Source of classification or shelving scheme
ეგზემპლარები
ჩამოწერის სტატუსი დაკარგული ეგზემპლარის სტატუსი კლასიფიკაციის წყარო ან თაროზე გაწყობის სქემა დაზიანების სტატუსი არ გაიცემა მუდმივი მდებარეობა (დაცვის ადგილი) ამჟამინდელი ადგილსამყოფელი თაროზე განთავსების ადგილი შეძენის თარიღი ღირებულება, შესყიდვის ნორმალური ფასი სრული შენახვის შიფრი შტრიხკოდი ბოლო ოპერაციის თარიღი ეგზემპლარის მიმდევრობითი ნომერი (კეტერი?) ფასის ძალაში შესვლის თარიღი ეგზემპლარის სახეობა საჯარო შენიშვნა
          ბათუმის შოთა რუსთაველის სახელმწიფო უნივერსიტეტის მთავარი ბიბლიოთეკა ბათუმის შოთა რუსთაველის სახელმწიფო უნივერსიტეტის მთავარი ბიბლიოთეკა წიგნსაცავი 2018-12-17 6.00 329.150.1(092სტალინი) ს-56 58104 2018-12-17 58104 2018-12-17 წიგნი 6.00 ₾.